[Event "36th Reykjavik op"]
[Site "Reykjavik ISL"]
[Date "2023.04.03"]
[Round "8.50"]
[White "Girardin, Yves"]
[Black "Knaak, Rainer"]
[WhiteElo "2104"]
[BlackElo "2455"]
[Result "0-1"]
[EventDate "2023.03.29"]
[PlyCount "60"]

1. d4 d5 2. c4 e6 3. Nc3 Bb4 4. Nf3 Nf6 5. Bg5 h6 6. Bh4 dxc4 7. e3 b5 8. a4 c6 9.
Ne5 Bb7 10. Qf3 Qa5 11. Bxf6 Bxc3+ 12. Ke2 gxf6 13. Qxf6 Rf8 14. bxc3 Qxc3 15. Rd1
Nd7 16. Nxd7 Kxd7 17. Kf3 Rae8 18. Be2 Qc2 19. Rhe1 Qxa4 20. Kg3 Qb4 21. Ra1 a6 22.
Reb1 Qd6+ 23. f4 Kc8 24. Kf2 Qe7 25. Qe5 f6 26. Qe4 c5 27. Qc2 cxd4 28. exd4 Qd6
29. Qc3 Qxf4+ 30. Ke1 Qe4  0-1

[Event "36th Reykjavik op"]
[Site "Reykjavik ISL"]
[Date "2023.04.03"]
[Round "8.51"]
[White "Birkisson, Bjoern Holm"]
[Black "Ladopoulos, Dimitrios"]
[WhiteElo "2110"]
[BlackElo "2391"]
[Result "0-1"]
[EventDate "2023.03.29"]
[PlyCount "98"]

1. e4 c5 2. Nf3 e6 3. g3 Nc6 4. Bg2 Nf6 5. Qe2 d5 6. exd5 Nxd5 7. O-O Be7 8. Rd1
Bf6 9. Nc3 Ndb4 10. d3 Nd4 11. Nxd4 cxd4 12. Ne4 Be7 13. a3 Nc6 14. c4 a5 15. Qg4
g6 16. Qe2 O-O 17. Bh6 Re8 18. h4 f5 19. Ng5 Bxg5 20. Bxg5 Qd6 21. c5 Qxc5 22. Rac1
Qd6 23. Rc4 e5 24. Qc2 Bd7 25. Qb3 Be6 26. Qxb7 Bxc4 27. Qxc6 Qxc6 28. Bxc6 Ba6 29.
Bxa8 Rxa8 30. Bf6 Re8 31. Re1 Bxd3 32. Rxe5 Rc8 33. Re1 Rc4 34. Rd1 Be4 35. Bxd4
Bf3 36. b3 Rc8 37. Re1 Rb8 38. b4 axb4 39. Rb1 b3 40. a4 Be4 41. Rb2 Rd8 42. f3 Bc2
43. Bb6 Rd1+ 44. Kf2 Ra1 45. a5 Kf7 46. Ke3 Ke6 47. g4 Ra4 48. gxf5+ gxf5 49. Bd8
Ra2  0-1

[Event "36th Reykjavik op"]
[Site "Reykjavik ISL"]
[Date "2023.04.03"]
[Round "8.52"]
[White "Sukandar, Irine Kharisma"]
[Black "Becker, Tobias"]
[WhiteElo "2389"]
[BlackElo "2085"]
[Result "1-0"]
[EventDate "2023.03.29"]
[PlyCount "87"]

1. e4 e5 2. Nf3 Nc6 3. Bb5 a6 4. Ba4 Nf6 5. O-O Be7 6. Re1 b5 7. Bb3 O-O 8. d4 Nxd4
9. Nxd4 exd4 10. e5 Ne8 11. c3 c5 12. cxd4 c4 13. Bc2 d5 14. Nc3 Nc7 15. a3 Be6 16.
Ne2 Qd7 17. Ng3 a5 18. Qh5 g6 19. Qh6 f5 20. exf6 Bxf6 21. Bf4 Bg7 22. Qh4 Bf6 23.
Bg5 Qd8 24. Re5 Bxg5 25. Rxg5 Bf7 26. Qh6 Qf6 27. Re5 Ne6 28. Nh5 Qh8 29. Rxe6 Bxe6
30. Bxg6 Ra7 31. Bxh7+ Qxh7 32. Qxe6+ Qf7 33. Qg4+ Kh8 34. Qh4 Qe7 35. Qh3 Kg8 36.
Qg4+ Kh8 37. Nf4 Qg7 38. Ng6+ Kg8 39. Qe6+ Qf7 40. Nxf8 Kxf8 41. Qh6+ Kg8 42. Qg5+
Kf8 43. Qd8+ Kg7 44. Re1  1-0

[Event "36th Reykjavik op"]
[Site "Reykjavik ISL"]
[Date "2023.04.03"]
[Round "8.55"]
[White "Rosen, Eric"]
[Black "Heidarsson, Arnar Milutin"]
[WhiteElo "2357"]
[BlackElo "2075"]
[Result "1-0"]
[EventDate "2023.03.29"]
[PlyCount "35"]

1. c4 c6 2. e4 d5 3. exd5 cxd5 4. d4 dxc4 5. Bxc4 Nf6 6. Nf3 e6 7. Nc3 Be7 8. O-O
O-O 9. Ne5 Nbd7 10. Bb3 Nb6 11. Re1 Nbd5 12. Qf3 h6 13. Qg3 Kh8 14. Bd2 Bd7 15. Rad1
Rc8 16. Qh3 Nh7 17. Nxd5 exd5 18. Qxd7  1-0

[Event "36th Reykjavik op"]
[Site "Reykjavik ISL"]
[Date "2023.04.03"]
[Round "8.56"]
[White "Murphy, Hugh"]
[Black "O`gorman, Tom"]
[WhiteElo "2100"]
[BlackElo "2357"]
[Result "0-1"]
[EventDate "2023.03.29"]
[PlyCount "44"]

1. e4 e5 2. f4 d5 3. exd5 exf4 4. Qf3 Nf6 5. Nc3 Bd6 6. Bb5+ c6 7. dxc6 O-O 8. cxb7
Qe7+ 9. Qe2 Qxb7 10. Nf3 a6 11. Ba4 Nc6 12. O-O Qb6+ 13. Kh1 Bb7 14. Qf2 Qa5 15.
Bb3 Ne7 16. d4 Qh5 17. Ne5 Bxe5 18. dxe5 f3 19. gxf3 Ng4 20. Qg2 Nxe5 21. Ne4 N7g6
22. Qg3 Nxf3  0-1

[Event "36th Reykjavik op"]
[Site "Reykjavik ISL"]
[Date "2023.04.03"]
[Round "8.57"]
[White "Griffith, Kyron"]
[Black "Hardarson, Petur Palmi"]
[WhiteElo "2342"]
[BlackElo "2069"]
[Result "1-0"]
[EventDate "2023.03.29"]
[PlyCount "109"]

1. e4 c5 2. Nf3 Nc6 3. d4 cxd4 4. Nxd4 e5 5. Nb5 d6 6. c4 Be6 7. Bd3 g6 8. O-O Bg7
9. Be2 Bf8 10. N5c3 a6 11. Na3 Bg7 12. Be3 Nf6 13. Qd2 O-O 14. Nc2 Rc8 15. b3 Ne8
16. f3 f5 17. Rad1 Qe7 18. Rfe1 f4 19. Bf2 Nb8 20. Nb4 Qf7 21. Na4 Nd7 22. Nb6 Nxb6
23. Bxb6 Bf6 24. Nd3 Nc7 25. Rc1 Rfd8 26. Red1 Rd7 27. a4 g5 28. a5 h5 29. Nb4 Ne8
30. Nd5 g4 31. b4 Qg6 32. c5 h4 33. fxg4 Bg5 34. Bf3 Qh6 35. cxd6 Nxd6 36. Rxc8+
Nxc8 37. Qc3 Nxb6 38. Nxb6 Rxd1+ 39. Bxd1 Qg7 40. Bb3 Bxb3 41. Qxb3+ Kh8 42. Qc3
Be7 43. Nd5 Bf8 44. Qc8 f3 45. gxf3 Qh6 46. Kf1 h3 47. g5 Qd6 48. Qxh3+ Kg8 49. Nf6+
Kf7 50. Qh7+ Ke6 51. Qf5+ Ke7 52. Nd5+ Ke8 53. Qc8+ Kf7 54. Qxb7+ Kg6 55. Qb6  1-0

[Event "36th Reykjavik op"]
[Site "Reykjavik ISL"]
[Date "2023.04.03"]
[Round "8.58"]
[White "Doraszelski, Alexander"]
[Black "Camus de Solliers, Guillaume"]
[WhiteElo "2093"]
[BlackElo "2325"]
[Result "1-0"]
[EventDate "2023.03.29"]
[PlyCount "63"]

1. e4 e6 2. d4 d5 3. Nc3 Bb4 4. exd5 exd5 5. Bd3 Nc6 6. Nf3 Nge7 7. O-O Bg4 8. h3
Bh5 9. a3 Bxf3 10. Qxf3 Nxd4 11. Qg4 Bxc3 12. bxc3 Ne6 13. f4 h5 14. Qe2 Qd6 15.
f5 Nd8 16. Bf4 Qc5+ 17. Kh1 Ndc6 18. Bxc7 Qxc3 19. Rae1 Kd7 20. Bh2 Rae8 21. Qf3
Rc8 22. f6 Qxf6 23. Qg3 Qh6 24. Rxf7 h4 25. Qg4+ Kd8 26. Bf4 Qh5 27. Qe6 Rc7 28.
Bxc7+ Kxc7 29. Rxe7+ Nxe7 30. Qxe7+ Kb8 31. Rb1 b6 32. Ba6  1-0

[Event "36th Reykjavik op"]
[Site "Reykjavik ISL"]
[Date "2023.04.03"]
[Round "8.59"]
[White "Karthik, Rajaa"]
[Black "Lohia, Sohum"]
[WhiteElo "2302"]
[BlackElo "2081"]
[Result "1-0"]
[EventDate "2023.03.29"]
[PlyCount "69"]

1. Nf3 Nf6 2. c4 b6 3. g3 Bb7 4. Bg2 g6 5. b3 Bg7 6. Bb2 O-O 7. O-O d6 8. d4 Nbd7
9. Nbd2 Re8 10. d5 e5 11. e4 a5 12. Qc2 Rf8 13. a3 Nh5 14. b4 f5 15. exf5 gxf5 16.
Bh3 f4 17. Bf5 Rxf5 18. Qxf5 Qe8 19. Rfe1 Nf8 20. g4 Nf6 21. Ne4 Nxe4 22. Qxe4 Nd7
23. Nd4 Nf6 24. Qf5 axb4 25. Ne6 Qa4 26. Nxg7 Kxg7 27. Rxe5 dxe5 28. Bxe5 Rf8 29.
Qg5+ Kf7 30. Qxf6+ Ke8 31. Qe6+ Kd8 32. Bf6+ Rxf6 33. Qxf6+ Kc8 34. Qf8+ Kd7 35.
Re1  1-0

[Event "36th Reykjavik op"]
[Site "Reykjavik ISL"]
[Date "2023.04.03"]
[Round "8.60"]
[White "Manukonda, Arun"]
[Black "Papp, Sarah"]
[WhiteElo "2061"]
[BlackElo "2288"]
[Result "0-1"]
[EventDate "2023.03.29"]
[PlyCount "102"]

1. d4 Nf6 2. c4 e6 3. Nc3 d5 4. Bg5 Be7 5. e3 Nbd7 6. Nf3 h6 7. Bh4 O-O 8. Bd3 c5
9. O-O cxd4 10. exd4 dxc4 11. Bxc4 Nb6 12. Bd3 Nbd5 13. Ne5 Bd7 14. Rc1 Rc8 15. Re1
Nxc3 16. bxc3 Nd5 17. Bxe7 Nxe7 18. Qf3 Bc6 19. Qg3 Nf5 20. Bxf5 exf5 21. Nxc6 Rxc6
22. Qe5 Qd7 23. d5 Rc5 24. Red1 b5 25. Rd3 Re8 26. Qf4 Rxd5 27. Rd4 Rxd4 28. Qxd4
Qxd4 29. cxd4 Re2 30. Rc8+ Kh7 31. Kf1 Rxa2 32. Ke1 Ra6 33. Kd2 Kg6 34. Kc3 Kf6 35.
Rc5 Ra3+ 36. Kb4 Ra4+ 37. Kxb5 Rxd4 38. Rc2 Rd6 39. Ra2 a6+ 40. Kc5 Re6 41. f4 g5
42. g3 Kg6 43. Kd5 Kh5 44. h3 Re3 45. Rg2 a5 46. Kd4 Re4+ 47. Kd5 Kg6 48. Rf2 Re3
49. g4 Rxh3 50. gxf5+ Kf6 51. fxg5+ hxg5  0-1

[Event "36th Reykjavik op"]
[Site "Reykjavik ISL"]
[Date "2023.04.03"]
[Round "8.61"]
[White "Tulendinov, Dinmukhammed"]
[Black "Dishman, Stephen"]
[WhiteElo "2048"]
[BlackElo "2274"]
[Result "1/2-1/2"]
[EventDate "2023.03.29"]
[PlyCount "57"]

1. e4 c6 2. c4 d5 3. cxd5 cxd5 4. exd5 Nf6 5. Qa4+ Nbd7 6. Nc3 g6 7. Bc4 Bg7 8. d3
O-O 9. Nf3 a6 10. Qa3 b6 11. O-O Bb7 12. Re1 Re8 13. Be3 b5 14. Bb3 Nb6 15. Bxb6
Qxb6 16. Qb4 Qd8 17. a4 Nxd5 18. Nxd5 Bxd5 19. Bxd5 Qxd5 20. axb5 Qxb5 21. Qxb5 axb5
22. d4 Rxa1 23. Rxa1 Rd8 24. Kf1 Bxd4 25. Rd1 e5 26. Nxe5 Re8 27. Rxd4 Rxe5 28. f4
Rc5 29. Ke2  1/2-1/2

[Event "36th Reykjavik op"]
[Site "Reykjavik ISL"]
[Date "2023.04.03"]
[Round "8.62"]
[White "Kolbus, Dietmar"]
[Black "Laddha, Yash Jayesh"]
[WhiteElo "2273"]
[BlackElo "2067"]
[Result "1/2-1/2"]
[EventDate "2023.03.29"]
[PlyCount "95"]

1. c4 e5 2. g3 c6 3. Nf3 e4 4. Nd4 d5 5. cxd5 Qxd5 6. e3 Bc5 7. Nc3 Qe5 8. f4 exf3
9. Nxf3 Qh5 10. d4 Bd6 11. Ne4 Bc7 12. Bg2 Ne7 13. O-O O-O 14. Nf2 c5 15. Qc2 Bb6
16. dxc5 Qxc5 17. Qxc5 Bxc5 18. Bd2 Nf5 19. Rfe1 Re8 20. Rac1 Bb6 21. g4 Ne7 22.
Nd4 Nbc6 23. Bc3 Rd8 24. Rcd1 Bd7 25. h3 Ng6 26. Nxc6 Bxc6 27. Bxc6 bxc6 28. Rd3
f6 29. Kf1 Kf7 30. Red1 Rxd3 31. Rxd3 Re8 32. Rd7+ Re7 33. Rxe7+ Nxe7 34. Ke2 Ke6
35. Nd3 Nd5 36. Bd2 f5 37. gxf5+ Kxf5 38. Kf3 Nf6 39. Bc3 Ne4 40. Bxg7 Ng5+ 41. Kg2
Bxe3 42. Nb4 c5 43. Nc6 a6 44. Bc3 Ne4 45. Ba5 c4 46. Bb4 Bc1 47. Na5 Bxb2 48. Nxc4
 1/2-1/2

[Event "36th Reykjavik op"]
[Site "Reykjavik ISL"]
[Date "2023.04.03"]
[Round "8.65"]
[White "Dauth, Benjamin"]
[Black "Kienitz, Andre"]
[WhiteElo "2261"]
[BlackElo "2039"]
[Result "1-0"]
[EventDate "2023.03.29"]
[PlyCount "169"]

1. e4 e5 2. Bc4 Nf6 3. d3 Nc6 4. Nf3 Bc5 5. O-O a6 6. h3 d6 7. a3 h6 8. c3 Ba7 9.
Be3 O-O 10. Bxa7 Rxa7 11. Re1 Ne7 12. Nbd2 Ng6 13. d4 exd4 14. Nxd4 c5 15. Nc2 b5
16. Bf1 Re7 17. a4 Bb7 18. axb5 axb5 19. Bxb5 Nxe4 20. Nc4 d5 21. N4e3 Qb6 22. Bd3
Qxb2 23. Rb1 Qxc3 24. Rxb7 Rxb7 25. Nxd5 Nxf2 26. Kxf2 Qb3 27. Nce3 Qxd1 28. Rxd1
Ne5 29. Be4 Rb2+ 30. Kg1 g6 31. g4 Kg7 32. Bg2 Rfb8 33. Be4 Ra2 34. Rc1 c4 35. Nxc4
Nxc4 36. Rxc4 Rbb2 37. Rc1 Re2 38. Nc3 Rxe4 39. Nxe4 Re2 40. Rc4 Ra2 41. Rc7 Ra1+
42. Kg2 Ra2+ 43. Kf3 Ra3+ 44. Rc3 Ra7 45. Kf4 Ra1 46. Nc5 Kf6 47. Rf3 Ke7 48. Re3+
Kd6 49. Nb3 Ra4+ 50. Kf3 Rb4 51. Nd2 Kd7 52. Ne4 Ke6 53. Nc3+ Kd6 54. Rd3+ Ke6 55.
Nd5 Ra4 56. Nc7+ Kf6 57. Ne8+ Ke7 58. Re3+ Kf8 59. Kg3 f5 60. gxf5 gxf5 61. Re1 Ra3+
62. Kh4 Kf7 63. Nd6+ Kf6 64. Rf1 Ra5 65. Kh5 Ke6 66. Nc4 Ra4 67. Re1+ Kf6 68. Nd2
Ra3 69. h4 Rh3 70. Rf1 Ke5 71. Nc4+ Ke6 72. Re1+ Kf6 73. Ne3 Rh2 74. Nd5+ Kf7 75.
Re7+ Kf8 76. Re5 Kg7 77. Rxf5 Ra2 78. Nf6 Re2 79. Ng4 Re6 80. Ra5 Rb6 81. Ra7+ Kh8
82. Ne5 Rf6 83. Ng6+ Kg8 84. Kxh6 Re6 85. Rg7#  1-0

[Event "36th Reykjavik op"]
[Site "Reykjavik ISL"]
[Date "2023.04.03"]
[Round "8.66"]
[White "Lindh, Fredrik"]
[Black "Ptacnikova, Lenka"]
[WhiteElo "2259"]
[BlackElo "2040"]
[Result "1/2-1/2"]
[EventDate "2023.03.29"]
[PlyCount "81"]

1. e4 d6 2. d4 Nf6 3. Nc3 e5 4. Nf3 Nbd7 5. Bc4 Be7 6. a4 O-O 7. O-O a5 8. Re1 c6
9. h3 h6 10. Be3 Qc7 11. dxe5 dxe5 12. Nh4 Bc5 13. Qf3 Bxe3 14. Rxe3 Nc5 15. Rd1
Be6 16. Bxe6 Nxe6 17. Nf5 Kh7 18. Red3 Rad8 19. Ne2 Rxd3 20. cxd3 Qb6 21. d4 Qxb2
22. Neg3 exd4 23. e5 Nd5 24. Nxh6 Ndf4 25. Nhf5 d3 26. Qg4 Ng6 27. Qh5+ Kg8 28. Ne4
Rd8 29. Nfd6 Qxe5 30. Qxe5 Nxe5 31. g3 g5 32. Nxb7 Rd4 33. Nbc5 Nxc5 34. Nxc5 d2
35. Kf1 Nc4 36. Ke2 Rd5 37. Nb3 Re5+ 38. Kf1 Rd5 39. Ke2 Re5+ 40. Kf1 Rd5 41. Ke2
 1/2-1/2

[Event "36th Reykjavik op"]
[Site "Reykjavik ISL"]
[Date "2023.04.03"]
[Round "8.67"]
[White "Andrews, Todd"]
[Black "Mensing, Adrian"]
[WhiteElo "2217"]
[BlackElo "2005"]
[Result "1-0"]
[EventDate "2023.03.29"]
[PlyCount "56"]

1. e4 c5 2. Nf3 d6 3. d4 cxd4 4. Nxd4 Nf6 5. Nc3 a6 6. Bc4 e6 7. Bb3 b5 8. Be3 Be7
9. Qe2 b4 10. Na4 O-O 11. O-O-O Qa5 12. f3 Bd7 13. Nb6 Qxb6 14. Nxe6 Qxe3+ 15. Qxe3
Bxe6 16. Bxe6 fxe6 17. Qb3 d5 18. exd5 exd5 19. Rxd5 Kh8 20. Rd3 Nc6 21. Re1 a5 22.
Qa4 Rac8 23. Re6 b3 24. Rxc6 Rxc6 25. Qxc6 bxa2 26. Qa4 a1=Q+ 27. Qxa1 Bb4 28. Qa4
Re8  1-0

[Event "36th Reykjavik op"]
[Site "Reykjavik ISL"]
[Date "2023.04.03"]
[Round "8.68"]
[White "Koh, Ming Yao Gavin"]
[Black "Rebers, Eugene"]
[WhiteElo "2012"]
[BlackElo "2213"]
[Result "0-1"]
[EventDate "2023.03.29"]
[PlyCount "114"]

1. d4 Nf6 2. c4 e6 3. Nc3 Bb4 4. e3 O-O 5. Bd3 d5 6. a3 Bxc3+ 7. bxc3 dxc4 8. Bxc4
c5 9. Ne2 Qc7 10. Bd3 b6 11. e4 Ba6 12. O-O Bxd3 13. Qxd3 Nbd7 14. e5 Nd5 15. Qg3
Kh8 16. Qh4 cxd4 17. cxd4 b5 18. Ng3 Qc2 19. Ne4 N7b6 20. Bg5 Nc3 21. Nd6 Nbd5 22.
Be7 Nxe7 23. Qxe7 Kg8 24. Kh1 Qd3 25. Qh4 f6 26. Qg4 f5 27. Qh4 Ne4 28. Rad1 Qxa3
29. Nxe4 fxe4 30. Qxe4 Qa4 31. f4 Rad8 32. Kg1 Qc4 33. g4 Qd5 34. Qe3 g6 35. Rf2
Rd7 36. Rdd2 Rdf7 37. h4 Rc8 38. Rf1 b4 39. Rg2 Rc3 40. Qd2 Rf3 41. Rxf3 Qxf3 42.
Qxb4 Qxf4 43. Qd6 Kg7 44. Qxe6 Qxd4+ 45. Kh2 Qf4+ 46. Kg1 Rc7 47. Qf6+ Qxf6 48. exf6+
Kxf6 49. Kh2 a5 50. Ra2 Ra7 51. Kg3 Ke5 52. Kf3 a4 53. Ra3 Kd4 54. Kf4 Ra5 55. h5
g5+ 56. Kf3 h6 57. Ra1 a3  0-1

[Event "36th Reykjavik op"]
[Site "Reykjavik ISL"]
[Date "2023.04.03"]
[Round "8.69"]
[White "George Samir, David"]
[Black "Townsend, M. Paul"]
[WhiteElo "1993"]
[BlackElo "2209"]
[Result "1/2-1/2"]
[EventDate "2023.03.29"]
[PlyCount "126"]

1. e4 e6 2. d4 d5 3. Nd2 c5 4. exd5 exd5 5. Ngf3 Nc6 6. Bb5 Bd6 7. dxc5 Bxc5 8. O-O
Nge7 9. Nb3 Bd6 10. Re1 O-O 11. Bg5 Bg4 12. h3 Bh5 13. Be2 Re8 14. Nfd4 Bxe2 15.
Rxe2 h6 16. Bd2 Ng6 17. Rxe8+ Qxe8 18. Nf5 Be5 19. Qh5 Bxb2 20. Re1 Qd8 21. Nc5 Nd4
22. Nxb7 Qf6 23. Nbd6 Nxf5 24. Nxf5 Bc3 25. Bxc3 Qxc3 26. Qd1 Rc8 27. Nd6 Rd8 28.
Nb5 Qa5 29. Nd4 Qxa2 30. Qf3 Qc4 31. Qe3 a5 32. Ra1 a4 33. Qd2 Re8 34. Nf5 Re2 35.
Qd4 Qxd4 36. Nxd4 Rd2 37. Rxa4 Nf4 38. c3 Nd3 39. Nf3 Rd1+ 40. Kh2 Nxf2 41. Rd4 Rxd4
42. cxd4 Ne4 43. g4 Kf8 44. Ne1 Ke7 45. Nc2 Ke6 46. Kg2 g6 47. Kf3 Nd6 48. Nb4 f5
49. Na6 Nb5 50. Nc5+ Kd6 51. Nb3 Ke7 52. gxf5 gxf5 53. Kf4 Kf6 54. h4 Nc7 55. Nc5
Ne6+ 56. Nxe6 Kxe6 57. Kf3 Kf6 58. Kf4 Kg6 59. Ke5 Kh5 60. Kxf5 Kxh4 61. Ke5 Kg4
62. Kxd5 h5 63. Ke6 h4  1/2-1/2

[Event "36th Reykjavik op"]
[Site "Reykjavik ISL"]
[Date "2023.04.03"]
[Round "8.70"]
[White "Nielsen, Andre"]
[Black "Kukavica, Tony"]
[WhiteElo "2201"]
[BlackElo "1981"]
[Result "1/2-1/2"]
[EventDate "2023.03.29"]
[PlyCount "115"]

1. e4 e5 2. Nf3 d6 3. d4 exd4 4. Nxd4 Nf6 5. Nc3 Be7 6. Be2 O-O 7. Be3 c6 8. O-O
Re8 9. f4 Bf8 10. Bf3 Nbd7 11. Bf2 Nc5 12. Re1 Qc7 13. h3 Bd7 14. a4 a5 15. Qd2 Kh8
16. Rad1 Rad8 17. g4 Bc8 18. Kg2 Ng8 19. Bg3 Qb6 20. b3 Be7 21. Qf2 Bf8 22. Re2 Qc7
23. Qe1 Ne6 24. Nf5 g6 25. Ne3 Bg7 26. Nc4 Nd4 27. Rf2 d5 28. f5 Qe7 29. Nb6 Nxf3
30. Rxf3 dxe4 31. Re3 Rxd1 32. Nxd1 gxf5 33. Nxc8 Rxc8 34. gxf5 Qc5 35. c4 Nf6 36.
Nf2 Qxf5 37. Nxe4 Nxe4 38. Rxe4 Rg8 39. Kh2 Qg6 40. Qe2 f5 41. Re6 Qg5 42. Re8 Bf6
43. Rxg8+ Qxg8 44. Qe1 Qd8 45. Be5 b6 46. c5 bxc5 47. Bxf6+ Qxf6 48. Qxa5 Qe5+ 49.
Kg2 Qb2+ 50. Kh1 Qxb3 51. Qd8+ Kg7 52. Qg5+ Kf8 53. Qxf5+ Ke8 54. Qc8+ Ke7 55. Qc7+
Kf8 56. Qc8+ Ke7 57. Qc7+ Kf8 58. Qc8+  1/2-1/2

[Event "36th Reykjavik op"]
[Site "Reykjavik ISL"]
[Date "2023.04.03"]
[Round "8.71"]
[White "Sharma, Isha"]
[Black "Johannsdottir, Johanna Bjoerg"]
[WhiteElo "2197"]
[BlackElo "1974"]
[Result "1-0"]
[EventDate "2023.03.29"]
[PlyCount "43"]

1. e4 g6 2. d4 Bg7 3. Nc3 d6 4. Be3 a6 5. h4 h5 6. Nh3 b5 7. Qd2 Bb7 8. Ng5 Nd7 9.
a4 b4 10. Bc4 e6 11. Ne2 c5 12. Bf4 Nb6 13. Ba2 Nf6 14. dxc5 Nbd7 15. c6 Bxc6 16.
Qxd6 Bxe4 17. Nxf7 Qe7 18. Nxh8 Bxh8 19. O-O Bxc2 20. Bxe6 Ne4 21. Qc6 Rd8 22. Bxd7+
 1-0

[Event "36th Reykjavik op"]
[Site "Reykjavik ISL"]
[Date "2023.04.03"]
[Round "8.72"]
[White "Bergsson, Stefan"]
[Black "Pozimski, Szymon"]
[WhiteElo "2192"]
[BlackElo "1972"]
[Result "0-1"]
[EventDate "2023.03.29"]
[PlyCount "202"]

1. d4 d5 2. c4 dxc4 3. e4 c5 4. d5 e6 5. Nc3 Nf6 6. Bxc4 exd5 7. exd5 a6 8. a4 Bd6
9. Nf3 Bf5 10. O-O O-O 11. Bg5 h6 12. Bh4 Nbd7 13. Re1 Qc7 14. Bd3 Bxd3 15. Qxd3
Rfe8 16. Rac1 Rac8 17. Qf5 Rxe1+ 18. Rxe1 Rf8 19. Ne4 Nxe4 20. Qxe4 b5 21. g4 g5
22. Bg3 Bxg3 23. hxg3 Nf6 24. Qf5 Qd6 25. Kg2 Re8 26. Rd1 bxa4 27. Qd3 Rd8 28. Rh1
Nxd5 29. Qc2 Nb4 30. Qxa4 Nd3 31. Qc2 Qg6 32. Qe2 Kf8 33. b3 Re8 34. Qd2 Qe4 35.
Rxh6 Ne1+ 36. Qxe1 Qxe1 37. Nxe1 Rxe1 38. Rxa6 Rb1 39. Rc6 Rxb3 40. Rxc5 f6 41. Rc7
Ra3 42. Rd7 Rb3 43. Rd4 Kf7 44. Re4 Rb2 45. Kf3 Ra2 46. Ke3 Ra3+ 47. Kd4 Ra4+ 48.
Kd5 Ra5+ 49. Kd4 Ra4+ 50. Ke3 Ra3+ 51. Ke2 Rb3 52. Rd4 Ra3 53. Rd3 Ra4 54. f3 Ra2+
55. Ke3 Rg2 56. Ke4 Re2+ 57. Re3 Ra2 58. f4 Ra5 59. Rd3 Ke6 60. f5+ Ke7 61. Rd4 Ra3
62. Kd5 Rxg3 63. Re4+ Kf7 64. Rb4 Rd3+ 65. Rd4 Re3 66. Kd6 Re2 67. Kd7 Re1 68. Kd8
Re8+ 69. Kc7 Re2 70. Rd7+ Ke8 71. Rd6 Ke7 72. Rd4 Rc2+ 73. Kb6 Re2 74. Kc6 Rc2+ 75.
Kd5 Re2 76. Rc4 Rd2+ 77. Kc6 Re2 78. Kc7 Re3 79. Kc6 Re2 80. Rd4 Rc2+ 81. Kb5 Re2
82. Ra4 Kd6 83. Ra6+ Kd5 84. Rxf6 Rb2+ 85. Ka6 Rg2 86. Rf8 Rxg4 87. f6 Ke6 88. Kb6
Rf4 89. Kc5 Rxf6 90. Rg8 Kf5 91. Kd4 Kf4 92. Kd3 Re6 93. Rf8+ Kg3 94. Rf1 g4 95.
Rf7 Kg2 96. Rg7 g3 97. Kd2 Kf2 98. Rf7+ Kg1 99. Rg7 g2 100. Rg8 Rh6 101. Ke3 Kh1
 0-1

[Event "36th Reykjavik op"]
[Site "Reykjavik ISL"]
[Date "2023.04.03"]
[Round "8.73"]
[White "Mannion, Stephen"]
[Black "Schrodt, Sebastian"]
[WhiteElo "2190"]
[BlackElo "1972"]
[Result "1-0"]
[EventDate "2023.03.29"]
[PlyCount "57"]

1. e4 d6 2. d4 Nf6 3. Nc3 e5 4. Nf3 exd4 5. Nxd4 Be7 6. Bf4 O-O 7. Qd2 c6 8. O-O-O
b5 9. f3 b4 10. Na4 Bd7 11. g4 c5 12. Nf5 Bxa4 13. Nxe7+ Qxe7 14. Bxd6 Qe6 15. b3
Bc6 16. Bc4 Qc8 17. Qf4 Nbd7 18. e5 Nxg4 19. Qxg4 Nxe5 20. Qxc8 Rfxc8 21. Bxe5 Bxf3
22. Rhg1 Bxd1 23. Rxg7+ Kf8 24. Rxf7+ Ke8 25. Kxd1 Rd8+ 26. Ke1 Rd7 27. Rf5 Ke7 28.
Bg3 Rd4 29. Bf2  1-0

[Event "36th Reykjavik op"]
[Site "Reykjavik ISL"]
[Date "2023.04.03"]
[Round "8.74"]
[White "Mack, Andrew"]
[Black "Hartmann, Wolfgang"]
[WhiteElo "2183"]
[BlackElo "1925"]
[Result "1-0"]
[EventDate "2023.03.29"]
[PlyCount "67"]

1. Nf3 c5 2. e3 Nc6 3. d4 cxd4 4. exd4 d5 5. c4 Nf6 6. Nc3 Bg4 7. Bg5 e6 8. cxd5
exd5 9. Qe2+ Be6 10. Bxf6 gxf6 11. Qe3 a6 12. Bd3 h5 13. Bf5 Bh6 14. Qe2 Qd6 15.
O-O b5 16. a4 b4 17. Nd1 Kd7 18. Qd3 Qf4 19. Ne3 Ne7 20. Bxe6+ fxe6 21. Rfe1 Rhg8
22. Kh1 h4 23. Qe2 Qd6 24. Nxh4 Bg5 25. Nf3 Rh8 26. g3 Rag8 27. Rac1 Bxe3 28. Qxe3
Nf5 29. Qd3 Nh6 30. Re2 Ng4 31. Rec2 Rc8 32. Kg2 Rxc2 33. Qxc2 e5 34. Qf5+  1-0

[Event "36th Reykjavik op"]
[Site "Reykjavik ISL"]
[Date "2023.04.03"]
[Round "8.75"]
[White "Sivakumar, Ashvin"]
[Black "Haraldsson, Haraldur"]
[WhiteElo "2181"]
[BlackElo "1882"]
[Result "1-0"]
[EventDate "2023.03.29"]
[PlyCount "103"]

1. d4 Nf6 2. c4 e6 3. Nc3 d5 4. cxd5 exd5 5. Bg5 Be7 6. e3 c6 7. Bd3 Nbd7 8. Qc2
O-O 9. Nf3 Re8 10. O-O Nf8 11. Rab1 Ne4 12. Bxe7 Qxe7 13. b4 Nxc3 14. Qxc3 a6 15.
a4 Be6 16. Rfc1 Rec8 17. Nd2 g6 18. Nb3 b6 19. Qd2 Bd7 20. h3 f5 21. Qc2 Ne6 22.
Qe2 Nc7 23. Nd2 b5 24. Nb3 Ne8 25. Nc5 Nd6 26. Ra1 Be8 27. Ra2 Nb7 28. Qf3 Nxc5 29.
Rxc5 Qd6 30. g3 a5 31. bxa5 Rxa5 32. Rac2 Rd8 33. axb5 cxb5 34. Rb2 Kg7 35. Qe2 Rb8
36. Kh2 Rb7 37. Qd2 Rba7 38. Bxb5 Bxb5 39. Rcxb5 Rxb5 40. Rxb5 h5 41. Qb2 h4 42.
Rb7+ Rxb7 43. Qxb7+ Kf6 44. Qc8 hxg3+ 45. fxg3 Qa3 46. Qd8+ Kg7 47. Qc7+ Kg8 48.
Qe5 Qa2+ 49. Kg1 Kh7 50. g4 fxg4 51. hxg4 Qe2 52. Qh2+  1-0

[Event "36th Reykjavik op"]
[Site "Reykjavik ISL"]
[Date "2023.04.03"]
[Round "8.76"]
[White "Kee, Steve"]
[Black "Pandey, Srishti"]
[WhiteElo "1919"]
[BlackElo "2156"]
[Result "1/2-1/2"]
[EventDate "2023.03.29"]
[PlyCount "47"]

1. c4 e5 2. g3 c6 3. d4 e4 4. Bg2 d5 5. Nc3 Nf6 6. Bg5 Nbd7 7. cxd5 cxd5 8. Qb3 Bd6
9. f3 exf3 10. Nxf3 h6 11. Bxf6 Nxf6 12. O-O Be6 13. Ne5 O-O 14. Rad1 Qe7 15. Nxd5
Bxd5 16. Bxd5 Bxe5 17. dxe5 Qxe5 18. Bf3 a5 19. Rd3 Rad8 20. Rfd1 Rxd3 21. Rxd3 Rc8
22. Kg2 a4 23. Qxa4 Qxb2 24. Qb3  1/2-1/2

[Event "36th Reykjavik op"]
[Site "Reykjavik ISL"]
[Date "2023.04.03"]
[Round "8.77"]
[White "Krassel, Timofei"]
[Black "Ornolfsson, Magnus P."]
[WhiteElo "1880"]
[BlackElo "2153"]
[Result "0-1"]
[EventDate "2023.03.29"]
[PlyCount "72"]

1. d4 Nf6 2. c4 e6 3. Nf3 Bb4+ 4. Bd2 Qe7 5. g3 O-O 6. Bg2 a5 7. O-O Bxd2 8. Qxd2
d6 9. Nc3 e5 10. dxe5 dxe5 11. Nd5 Nxd5 12. cxd5 Rd8 13. Rad1 Bg4 14. e4 Nc6 15.
Qe3 Bxf3 16. Bxf3 Nd4 17. Bg2 a4 18. f4 f6 19. fxe5 fxe5 20. Rf2 a3 21. b3 Rf8 22.
Rfd2 Qc5 23. Kh1 Rf6 24. Qg5 Qe7 25. Qe3 Raf8 26. Rc1 c6 27. Kg1 h5 28. Qc3 h4 29.
g4 Nf3+ 30. Bxf3 Rxf3 31. Qc4 cxd5 32. exd5 Qg5 33. Qb4 Kh8 34. Rcd1 Qe3+ 35. Kh1
h3 36. Rc2 Rf2  0-1

[Event "36th Reykjavik op"]
[Site "Reykjavik ISL"]
[Date "2023.04.03"]
[Round "8.78"]
[White "Frank, Anton"]
[Black "Shundi, Matias"]
[WhiteElo "1857"]
[BlackElo "2145"]
[Result "1/2-1/2"]
[EventDate "2023.03.29"]
[PlyCount "94"]

1. c4 g6 2. d4 Nf6 3. h4 Bg7 4. Nc3 Nc6 5. e4 d6 6. d5 Ne5 7. Be2 c6 8. Nf3 Nxf3+
9. Bxf3 Bd7 10. Be3 h5 11. O-O O-O 12. Bd4 c5 13. Be3 Bg4 14. Bg5 Bxf3 15. Qxf3 Ng4
16. Qe2 Qd7 17. f3 Ne5 18. Rfd1 Kh7 19. Rac1 Rae8 20. b3 a6 21. a4 Rb8 22. Qe3 Rfc8
23. Kh2 Rc7 24. Rc2 Qc8 25. Qc1 Qh8 26. Kg1 b6 27. Qd2 Kg8 28. Rdc1 Kf8 29. Ra2 Nd7
30. Kf2 Rcb7 31. Ke2 Bf6 32. Bxf6 Qxf6 33. g3 Ne5 34. Qe3 Kg7 35. Rac2 Nd7 36. Kf2
Qd4 37. Rd2 Qxe3+ 38. Kxe3 Nf6 39. Re1 Re8 40. Kf2 Nd7 41. f4 f6 42. Kf3 Rbb8 43.
Rg2 Rh8 44. Reg1 Kf7 45. Rh2 Rh6 46. Rgh1 Rh7 47. Ke3 Rhh8  1/2-1/2